| 000 | 00514nam a2200169 i 4500 | ||
|---|---|---|---|
| 001 | 58015 | ||
| 003 | ES-MaACL | ||
| 005 | 20230906163715.0 | ||
| 007 | t| | ||
| 008 | 031020s1961 sp ||||1| spa d | ||
| 100 | 1 |
_aDuncan, David Douglas. _946027 |
|
| 245 | 1 | 4 |
_aLos Picasso de Picasso / _cDavid Douglas Duncan ; [versión española de Juan Cortes]. |
| 260 |
_aBarcelona : _bRauter, _c[1961] |
||
| 300 |
_a270 p., 209 lám. ; _c31 cm. |
||
| 700 | 1 |
_aCortés, Juan. _940860 |
|
| 852 |
_aES-MaACL _jC-25282 _bR.49796 |
||
| 999 |
_c58015 _d58015 |
||